Immortal remains : (Record no. 232480)

000 -LEADER
fixed length control field 01134cam a22002774a 4500
001 - CONTROL NUMBER
control field 12992740
003 - CONTROL NUMBER IDENTIFIER
control field Nust
005 - DATE AND TIME OF LATEST TRANSACTION
control field 20170218155357.0
008 - FIXED-LENGTH DATA ELEMENTS--GENERAL INFORMATION
fixed length control field 021105s2003 mdu b 001 0 eng
010 ## - LIBRARY OF CONGRESS CONTROL NUMBER
LC control number 2002036944
020 ## - INTERNATIONAL STANDARD BOOK NUMBER
International Standard Book Number 9780007258116
040 ## - CATALOGING SOURCE
Original cataloging agency DLC
Transcribing agency DLC
Modifying agency DLC
042 ## - AUTHENTICATION CODE
Authentication code pcc
050 00 - LIBRARY OF CONGRESS CALL NUMBER
Classification number BF1311.F8
Item number B73 2003
082 00 - DEWEY DECIMAL CLASSIFICATION NUMBER
Classification number 823.92
Author Mark HAS
100 1# - MAIN ENTRY--PERSONAL NAME
Personal name Hastings, Rook
245 10 - TITLE STATEMENT
Title Immortal remains :
Statement of responsibility, etc. by Rook Hastings
260 ## - PUBLICATION, DISTRIBUTION, ETC.
Place of publication, distribution, etc. Lanham, Md. :
Name of publisher, distributor, etc. Rowman & Littlefield,
Date of publication, distribution, etc. 2003.
300 ## - PHYSICAL DESCRIPTION
Extent xvi, 231 p. ;
Dimensions 23 cm.
504 ## - BIBLIOGRAPHY, ETC. NOTE
Bibliography, etc. note Includes bibliographical references and index.
650 #0 - SUBJECT ADDED ENTRY--TOPICAL TERM
Topical term or geographic name entry element Young adult fiction
650 #0 - SUBJECT ADDED ENTRY--TOPICAL TERM
Topical term or geographic name entry element Paranormal fiction
906 ## - LOCAL DATA ELEMENT F, LDF (RLIN)
a 7
b cbc
c orignew
d 1
e ocip
f 20
g y-gencatlg
942 ## - ADDED ENTRY ELEMENTS (KOHA)
Source of classification or shelving scheme
Koha item type Book
Holdings
Withdrawn status Lost status Source of classification or shelving scheme Damaged status Not for loan Collection code Permanent Location Current Location Shelving location Date acquired Total Checkouts Total Renewals Full call number Barcode Date last seen Date last checked out Copy number Price effective from Koha item type
            Central Library (CL) Central Library (CL) Fiction 02/18/2017 2 1 823.92 HAS CL2050 10/06/2025 09/19/2025 1 02/18/2017 Book
© 2023 Central Library, National University of Sciences and Technology. All Rights Reserved.